Chargement en cours...

BIOTECHNOLOGY FOR WASTE AND WASTE AND WASTEWATER TREATMENT

Détails bibliographiques
Auteur principal: CHEREMISINOFF,NICHOLAS P
Format: Printed Book
Publié: NEWDELHI PRETICE HALL 2003
Sujets:
LEADER 00583nam a2200193 4500
020 |a 8120318838 
037
082 |a 628.168 CHE 
100 |a CHEREMISINOFF,NICHOLAS P 
245 |a BIOTECHNOLOGY FOR WASTE AND WASTE AND WASTEWATER TREATMENT  |h English 
250
260 |a NEWDELHI  |b PRETICE HALL  |c 2003 
300 |a 231  |f PB 
500
590
650 |a BIOTECHNOLOGY FOR WASTE AND WASTE AND WASTEWATER TREATMENT 
942 |c BK 
999 |c 131770  |d 131770 
952 |0 0  |1 0  |4 0  |6 628_168000000000000_CHE  |7 0  |9 145232  |a BTY  |b BTY  |l 0  |o 628.168 CHE  |p BTY1260  |r 2019-10-24  |w 2019-10-24  |y BK